[Event "2012 U.S. Women's Championship"]
[Site "Saint Louis, MO, USA"]
[Date "2012.05.08"]
[Round "1.1"]
[White "Ni, Viktorija"]
[Black "Abrahamyan, Tatev"]
[Result "1/2-1/2"]
[LiveChessVersion "1.3.1"]
[BlackElo "2329"]
[WhiteElo "2228"]

1. d4 {[%clk 1:30:57]} Nf6 {[%clk 1:30:55]} 2. c4 {[%clk 1:31:22]} c5
{[%clk 1:31:18]} 3. d5 {[%clk 1:31:47]} b5 {[%clk 1:31:44]} 4. Nf3
{[%clk 1:32:13]} bxc4 {[%clk 1:29:47]} 5. Nc3 {[%clk 1:30:25]} d6
{[%clk 1:28:25]} 6. e4 {[%clk 1:25:07]} g6 {[%clk 1:27:16]} 7. Bxc4
{[%clk 1:18:38]} Bg7 {[%clk 1:25:51]} 8. O-O {[%clk 1:16:13]} O-O
{[%clk 1:23:57]} 9. h3 {[%clk 1:14:47]} Ba6 {[%clk 1:13:22]} 10. Qe2
{[%clk 1:06:11]} Bxc4 11. Qxc4 Nbd7 {[%clk 0:59:49]} 12. Re1 {[%clk 0:57:39]} Rb8
{[%clk 0:51:11]} 13. Rb1 {[%clk 0:45:41]} Ne8 {[%clk 0:37:58]} 14. Bg5
{[%clk 0:38:24]} Rb4 {[%clk 0:22:16]} 15. Qe2 {[%clk 0:29:53]} Nc7
{[%clk 0:20:38]} 16. Bd2 {[%clk 0:23:14]} Qb8 {[%clk 0:15:03]} 17. Nd1
{[%clk 0:21:20]} Rb7 {[%clk 0:13:19]} 18. Bc3 {[%clk 0:21:21]} Nf6
{[%clk 0:12:20]} 19. a4 {[%clk 0:19:06]} Nd7 {[%clk 0:08:41]} 20. Ra1
{[%clk 0:17:20]} e6 {[%clk 0:03:58]} 21. Ne3 {[%clk 0:16:09]} Bxc3
{[%clk 0:02:44]} 22. bxc3 {[%clk 0:16:34]} exd5 {[%clk 0:03:06]} 23. exd5
{[%clk 0:14:55]} Nf6 {[%clk 0:03:27]} 24. Qd3 {[%clk 0:13:12]} Qa8
{[%clk 0:02:35]} 25. Rad1 {[%clk 0:10:37]} Rb6 {[%clk 0:02:40]} 26. Qc4
{[%clk 0:09:45]} Qd8 {[%clk 0:02:02]} 27. Ng4 {[%clk 0:07:36]} Nxg4
{[%clk 0:02:03]} 28. hxg4 {[%clk 0:07:47]} Re8 {[%clk 0:01:56]} 29. Qf4
{[%clk 0:03:37]} Rxe1+ {[%clk 0:02:06]} 30. Nxe1 {[%clk 0:03:38]} Qd7
{[%clk 0:01:59]} 31. Nf3 {[%clk 0:01:56]} Ra6 {[%clk 0:01:26]} 32. Ng5
{[%clk 0:02:22]} Rxa4 {[%clk 0:01:26]} 33. Ne4 {[%clk 0:01:57]} Ne8
{[%clk 0:01:04]} 34. Re1 {[%clk 0:00:57]} Kg7 {[%clk 0:00:52]} 35. g5
{[%clk 0:00:52]} Qf5 {[%clk 0:00:36]} 36. Qxf5 {[%clk 0:00:54]} gxf5
{[%clk 0:01:05]} 37. Nxc5 Rc4 {[%clk 0:00:53]} 38. Nb3 {[%clk 0:00:45]} Nc7
{[%clk 0:00:47]} 39. Nd4 {[%clk 0:00:40]} Kg6 {[%clk 0:00:48]} 40. Nf3
{[%clk 0:00:36]} Rxc3 {[%clk 0:00:51]} 41. Ra1 {[%clk 0:27:34]} a6
{[%clk 0:26:55]} 42. Rb1 {[%clk 0:13:18]} Nxd5 {[%clk 0:15:32]} 43. Rd1
{[%clk 0:11:11]} Rc5 {[%clk 0:15:07]} 44. Rd4 {[%clk 0:10:32]} f6
{[%clk 0:10:13]} 45. gxf6 {[%clk 0:03:32]} Kxf6 {[%clk 0:10:28]} 46. Rh4
{[%clk 0:03:16]} Kg6 {[%clk 0:09:44]} 47. Rd4 {[%clk 0:03:11]} f4
{[%clk 0:07:19]} 48. Nd2 {[%clk 0:02:08]} Kf5 {[%clk 0:06:18]} 49. Nf3
{[%clk 0:02:00]} h6 {[%clk 0:04:11]} 50. Kh2 {[%clk 0:01:35]} Ke6
{[%clk 0:04:03]} 51. Kh3 {[%clk 0:01:15]} Rc1 {[%clk 0:02:16]} 52. Kg4
{[%clk 0:00:57]} Ra1 {[%clk 0:01:12]} 53. Kh5 {[%clk 0:00:55]} Rh1+
{[%clk 0:01:18]} 54. Kg6 {[%clk 0:00:58]} a5 {[%clk 0:00:57]} 55. Ra4
{[%clk 0:00:52]} Ne7+ {[%clk 0:00:59]} 56. Kh7 {[%clk 0:01:15]} Rh5
{[%clk 0:01:04]} 57. Rxf4 {[%clk 0:01:19]} Kd7 {[%clk 0:00:48]} 58. g4
{[%clk 0:01:31]} Rh1 {[%clk 0:01:07]} 59. Rf8 {[%clk 0:00:39]} Nc6
{[%clk 0:01:02]} 60. Rf7+ {[%clk 0:00:39]} Ke6 {[%clk 0:01:19]} 61. Rb7
{[%clk 0:00:45]} a4 {[%clk 0:01:26]} 62. Rb6 {[%clk 0:00:53]} a3 {[%clk 0:00:35]}
63. Ra6 {[%clk 0:01:05]} Ne5 {[%clk 0:00:34]} 64. Nxe5 Kxe5 {[%clk 0:01:01]} 65.
Rxa3 {[%clk 0:01:22]} d5 {[%clk 0:01:20]} 66. Ra8 {[%clk 0:00:41]} d4
{[%clk 0:01:26]} 67. Rd8 {[%clk 0:00:44]} Ke4 {[%clk 0:01:39]} 68. f4
{[%clk 0:00:46]} Kxf4 {[%clk 0:01:31]} 1/2-1/2

[Event "2012 U.S. Women's Championship"]
[Site "Saint Louis, MO, USA"]
[Date "2012.05.08"]
[Round "1.2"]
[White "Zenyuk, Iryna"]
[Black "Melekhina, Alisa"]
[Result "1/2-1/2"]
[LiveChessVersion "1.3.1"]
[BlackElo "2244"]
[WhiteElo "2224"]

1. d4 {[%clk 1:30:58]} d5 {[%clk 1:30:39]} 2. c4 {[%clk 1:31:10]} e6
{[%clk 1:30:59]} 3. Nc3 {[%clk 1:30:41]} c5 {[%clk 1:29:52]} 4. cxd5
{[%clk 1:27:45]} exd5 {[%clk 1:29:19]} 5. Nf3 {[%clk 1:27:18]} Nc6
{[%clk 1:28:37]} 6. g3 {[%clk 1:24:29]} Nf6 {[%clk 1:29:00]} 7. Bg2
{[%clk 1:24:34]} Be7 {[%clk 1:29:05]} 8. O-O {[%clk 1:24:37]} O-O
{[%clk 1:29:28]} 9. dxc5 {[%clk 1:20:36]} Bxc5 {[%clk 1:29:08]} 10. Bg5
{[%clk 1:20:32]} d4 {[%clk 1:27:00]} 11. Bxf6 {[%clk 1:14:30]} Qxf6
{[%clk 1:27:12]} 12. Ne4 {[%clk 1:14:57]} Qe7 {[%clk 1:26:40]} 13. Nxc5
{[%clk 1:15:10]} Qxc5 {[%clk 1:27:03]} 14. Rc1 {[%clk 1:15:16]} Qb6
{[%clk 1:18:24]} 15. Qd2 {[%clk 1:12:14]} Be6 {[%clk 1:15:27]} 16. b3
{[%clk 1:10:18]} h6 {[%clk 1:11:57]} 17. Rfd1 {[%clk 1:09:26]} Rfd8
{[%clk 1:10:51]} 18. Ne1 {[%clk 0:53:53]} Bd5 {[%clk 0:59:06]} 19. Nd3
{[%clk 0:48:19]} Bxg2 {[%clk 0:52:48]} 20. Kxg2 {[%clk 0:48:43]} a5
{[%clk 0:51:12]} 21. Rc4 {[%clk 0:41:09]} Re8 {[%clk 0:42:06]} 22. h4
{[%clk 0:35:32]} Re7 {[%clk 0:31:17]} 23. Qb2 {[%clk 0:29:45]} Rae8
{[%clk 0:30:29]} 24. Rd2 {[%clk 0:29:28]} Qd8 {[%clk 0:24:36]} 25. Kg1
{[%clk 0:29:02]} Qc8 {[%clk 0:19:30]} 26. b4 {[%clk 0:26:36]} Qe6
{[%clk 0:12:51]} 27. Rcc2 {[%clk 0:25:15]} axb4 {[%clk 0:09:38]} 28. Nxb4
{[%clk 0:24:38]} Ne5 {[%clk 0:09:49]} 29. Qxd4 {[%clk 0:20:12]} Rd7
{[%clk 0:03:26]} 30. Qc3 {[%clk 0:18:21]} Rxd2 {[%clk 0:03:21]} 31. Qxd2
{[%clk 0:17:44]} Qh3 {[%clk 0:02:12]} 32. Qd5 {[%clk 0:16:41]} Qg4
{[%clk 0:02:35]} 33. Nd3 {[%clk 0:11:20]} Nxd3 {[%clk 0:01:39]} 34. Qxd3
{[%clk 0:11:39]} Rc8 {[%clk 0:01:17]} 35. Rxc8+ {[%clk 0:09:45]} Qxc8
{[%clk 0:01:45]} 36. Qd5 {[%clk 0:09:15]} g6 {[%clk 0:01:09]} 37. e4
{[%clk 0:08:07]} h5 {[%clk 0:01:30]} 38. e5 {[%clk 0:06:56]} Kg7 {[%clk 0:01:28]}
39. a4 {[%clk 0:06:34]} Qc1+ {[%clk 0:01:23]} 40. Kg2 {[%clk 0:36:53]} Qc8
{[%clk 0:31:22]} 41. Kh2 {[%clk 0:34:45]} Kg8 {[%clk 0:26:19]} 42. Qe4
{[%clk 0:29:47]} Kg7 {[%clk 0:25:24]} 43. Qd4 {[%clk 0:21:04]} Kg8
{[%clk 0:24:21]} 44. Kg2 {[%clk 0:20:21]} Qc6+ {[%clk 0:24:31]} 45. Kf1
{[%clk 0:19:33]} Qc1+ {[%clk 0:18:04]} 46. Ke2 {[%clk 0:19:46]} Qc2+
{[%clk 0:18:29]} 47. Kf3 {[%clk 0:19:18]} Qc6+ {[%clk 0:18:20]} 48. Qe4
{[%clk 0:18:58]} Qe6 {[%clk 0:10:44]} 49. Kg2 {[%clk 0:11:52]} b6
{[%clk 0:10:58]} 50. Qd4 {[%clk 0:11:47]} Qc6+ {[%clk 0:10:30]} 51. Kf1
{[%clk 0:11:09]} Kh7 {[%clk 0:10:16]} 52. Ke2 {[%clk 0:10:41]} Qc2+
{[%clk 0:09:53]} 53. Ke3 {[%clk 0:10:55]} Qc1+ {[%clk 0:08:39]} 54. Ke4
{[%clk 0:09:54]} Qh1+ {[%clk 0:08:45]} 55. Ke3 {[%clk 0:06:28]} Qe1+
{[%clk 0:08:21]} 56. Kf3 {[%clk 0:05:54]} Qh1+ {[%clk 0:07:41]} 57. Ke2
{[%clk 0:06:15]} Qc6 {[%clk 0:07:59]} 58. Kd3 {[%clk 0:05:15]} Qc1
{[%clk 0:05:50]} 59. Qf4 {[%clk 0:02:58]} Qa3+ {[%clk 0:04:12]} 60. Ke2
{[%clk 0:03:22]} Qb3 {[%clk 0:03:34]} 61. Kf1 {[%clk 0:03:26]} Qd5
{[%clk 0:03:29]} 62. Kg1 {[%clk 0:03:34]} Kg8 {[%clk 0:03:38]} 63. Kh2
{[%clk 0:03:39]} Kh7 {[%clk 0:01:59]} 64. Qb4 {[%clk 0:01:38]} Qc6
{[%clk 0:01:59]} 65. Qb5 {[%clk 0:01:31]} Qe6 {[%clk 0:02:10]} 66. Qa6
{[%clk 0:00:59]} Kg7 {[%clk 0:01:59]} 67. Qb5 {[%clk 0:01:21]} 1/2-1/2

[Event "2012 U.S. Women's Championship"]
[Site "Saint Louis, MO, USA"]
[Date "2012.05.08"]
[Round "1.3"]
[White "Krush, Irina"]
[Black "Foisor, Sabina"]
[Result "1-0"]
[LiveChessVersion "1.3.1"]
[BlackElo "2364"]
[WhiteElo "2457"]

1. c4 {[%clk 1:30:56]} c6 {[%clk 1:30:19]} 2. e4 {[%clk 1:31:08]} d5
{[%clk 1:28:35]} 3. exd5 {[%clk 1:31:22]} cxd5 {[%clk 1:29:02]} 4. d4
{[%clk 1:31:41]} Nf6 {[%clk 1:26:45]} 5. Nc3 {[%clk 1:31:40]} g6 {[%clk 1:26:00]}
6. Qb3 {[%clk 1:31:04]} Bg7 {[%clk 1:21:09]} 7. cxd5 {[%clk 1:31:17]} Nbd7
{[%clk 1:16:58]} 8. a4 {[%clk 1:21:06]} a5 {[%clk 1:06:42]} 9. Nge2
{[%clk 1:05:08]} Nb6 {[%clk 0:57:30]} 10. Nf4 {[%clk 1:05:12]} O-O
{[%clk 0:56:35]} 11. Be2 {[%clk 1:04:25]} Bf5 {[%clk 0:51:59]} 12. O-O
{[%clk 1:01:59]} Qd6 {[%clk 0:40:15]} 13. Nb5 {[%clk 0:52:12]} Qd7
{[%clk 0:37:56]} 14. d6 {[%clk 0:48:50]} exd6 {[%clk 0:33:32]} 15. Nc3
{[%clk 0:48:46]} Qd8 {[%clk 0:30:17]} 16. Bf3 {[%clk 0:43:29]} Rb8
{[%clk 0:20:30]} 17. h3 {[%clk 0:42:40]} Re8 {[%clk 0:18:41]} 18. Bd2
{[%clk 0:42:03]} Nbd7 {[%clk 0:12:48]} 19. Rfe1 {[%clk 0:37:48]} Qb6
{[%clk 0:11:30]} 20. Qxb6 {[%clk 0:30:45]} Nxb6 {[%clk 0:11:57]} 21. Nb5
{[%clk 0:31:05]} Nc4 {[%clk 0:10:27]} 22. Bc3 {[%clk 0:31:21]} Rxe1+
{[%clk 0:05:20]} 23. Rxe1 {[%clk 0:23:15]} Bc2 {[%clk 0:05:45]} 24. Be2
{[%clk 0:23:34]} Rc8 {[%clk 0:03:18]} 25. Bxc4 {[%clk 0:18:35]} Rxc4
{[%clk 0:03:45]} 26. Na3 {[%clk 0:18:32]} Rxc3 {[%clk 0:04:11]} 27. bxc3
{[%clk 0:18:56]} Bxa4 {[%clk 0:04:39]} 28. Nc4 {[%clk 0:18:44]} Bh6
{[%clk 0:03:36]} 29. g3 {[%clk 0:14:47]} g5 {[%clk 0:01:36]} 30. Ne2
{[%clk 0:14:25]} Ne4 {[%clk 0:01:11]} 31. f3 {[%clk 0:11:21]} Bb5
{[%clk 0:01:23]} 32. Nxa5 {[%clk 0:10:57]} Nd2 {[%clk 0:01:35]} 33. Kf2
{[%clk 0:09:40]} b6 {[%clk 0:02:01]} 34. Rd1 {[%clk 0:05:43]} g4 {[%clk 0:01:52]}
35. Nf4 {[%clk 0:04:44]} Bxf4 {[%clk 0:01:07]} 36. gxf4 {[%clk 0:04:59]} Nxf3
{[%clk 0:00:51]} 37. Nb7 {[%clk 0:03:21]} h5 {[%clk 0:00:37]} 38. Nxd6
{[%clk 0:03:35]} Bc6 {[%clk 0:00:36]} 39. hxg4 {[%clk 0:03:23]} hxg4
{[%clk 0:00:47]} 40. Kg3 {[%clk 0:32:37]} Bd7 {[%clk 0:30:54]} 41. Nc4
{[%clk 0:30:54]} 1-0

[Event "2012 U.S. Women's Championship"]
[Site "Saint Louis, MO, USA"]
[Date "2012.05.08"]
[Round "1.4"]
[White "Goletiani, Rusudan"]
[Black "Baginskaite, Camilla"]
[Result "1-0"]
[LiveChessVersion "1.3.1"]
[BlackElo "2358"]
[WhiteElo "2333"]

1. Nf3 {[%clk 1:30:53]} Nf6 {[%clk 1:30:31]} 2. c4 {[%clk 1:31:01]} e6
{[%clk 1:30:37]} 3. g3 {[%clk 1:29:19]} d5 {[%clk 1:28:49]} 4. Bg2
{[%clk 1:29:27]} dxc4 {[%clk 1:24:18]} 5. Qa4+ {[%clk 1:29:25]} Nbd7
{[%clk 1:24:25]} 6. Qxc4 {[%clk 1:28:54]} c5 {[%clk 1:24:29]} 7. O-O
{[%clk 1:25:12]} b6 {[%clk 1:22:57]} 8. d4 {[%clk 1:11:26]} Bb7 {[%clk 1:22:41]}
9. dxc5 {[%clk 1:11:00]} Bxc5 {[%clk 1:18:57]} 10. Nc3 {[%clk 1:03:37]} Rc8
{[%clk 1:14:42]} 11. Qd3 {[%clk 0:56:34]} O-O {[%clk 0:53:54]} 12. a3
{[%clk 0:56:28]} Be7 {[%clk 0:37:05]} 13. Bf4 {[%clk 0:45:04]} Nc5
{[%clk 0:27:41]} 14. Qc2 {[%clk 0:42:51]} Nd5 {[%clk 0:20:40]} 15. Rad1
{[%clk 0:37:45]} Qe8 {[%clk 0:19:37]} 16. Nxd5 {[%clk 0:28:41]} Bxd5
{[%clk 0:19:56]} 17. Nd4 {[%clk 0:26:02]} Nb3 {[%clk 0:16:00]} 18. Qb1
{[%clk 0:19:56]} Nxd4 {[%clk 0:09:37]} 19. Rxd4 {[%clk 0:20:10]} Bxg2
{[%clk 0:04:17]} 20. Kxg2 {[%clk 0:20:33]} Bc5 {[%clk 0:04:38]} 21. Rc4
{[%clk 0:17:22]} b5 {[%clk 0:03:40]} 22. Rc2 {[%clk 0:14:53]} e5 {[%clk 0:02:38]}
23. Bd2 {[%clk 0:14:48]} Qe6 {[%clk 0:02:31]} 24. Rfc1 {[%clk 0:13:28]} Bd4
{[%clk 0:03:00]} 25. e3 {[%clk 0:12:47]} Bb6 {[%clk 0:02:01]} 26. Rxc8
{[%clk 0:12:29]} Rxc8 {[%clk 0:02:30]} 27. Rxc8+ {[%clk 0:12:56]} Qxc8
{[%clk 0:02:58]} 28. Qe4 {[%clk 0:13:16]} Qe8 {[%clk 0:01:28]} 29. Bc3
{[%clk 0:10:42]} f6 {[%clk 0:01:52]} 30. f4 {[%clk 0:09:26]} Bc7 {[%clk 0:02:21]}
31. h3 {[%clk 0:08:46]} g6 {[%clk 0:01:19]} 32. g4 {[%clk 0:08:44]} Kf7
{[%clk 0:01:11]} 33. Qb7 {[%clk 0:07:00]} Qe7 {[%clk 0:01:35]} 34. Bb4
{[%clk 0:07:11]} Qd7 {[%clk 0:01:16]} 35. Ba5 {[%clk 0:07:34]} exf4
{[%clk 0:00:49]} 36. Qxc7 {[%clk 0:07:45]} 1-0

[Event "2012 U.S. Women's Championship"]
[Site "Saint Louis, MO, USA"]
[Date "2012.05.08"]
[Round "1.5"]
[White "Zatonskih, Anna"]
[Black "Kats, Alena"]
[Result "1-0"]
[LiveChessVersion "1.3.1"]
[BlackElo "2137"]
[WhiteElo "2510"]

1. d4 {[%clk 1:30:56]} d5 {[%clk 1:30:54]} 2. c4 {[%clk 1:31:14]} c6
{[%clk 1:31:17]} 3. Nf3 {[%clk 1:31:17]} Nf6 {[%clk 1:31:41]} 4. Qc2
{[%clk 1:30:18]} e6 {[%clk 1:28:40]} 5. g3 {[%clk 1:28:58]} Nbd7 {[%clk 1:26:39]}
6. Bg2 {[%clk 1:28:48]} Bd6 {[%clk 1:18:38]} 7. O-O {[%clk 1:19:51]} O-O
{[%clk 1:14:16]} 8. Bf4 {[%clk 1:08:05]} Bxf4 {[%clk 1:04:56]} 9. gxf4
{[%clk 1:08:30]} Re8 {[%clk 0:56:47]} 10. Nbd2 {[%clk 1:05:05]} Nh5
{[%clk 0:54:14]} 11. e3 {[%clk 1:03:50]} Nf8 {[%clk 0:51:35]} 12. Kh1
{[%clk 0:49:10]} Qf6 {[%clk 0:39:11]} 13. Ne5 {[%clk 0:40:09]} Qh6
{[%clk 0:30:40]} 14. Bf3 {[%clk 0:34:56]} f5 {[%clk 0:26:35]} 15. Rg1
{[%clk 0:29:16]} Nf6 {[%clk 0:20:57]} 16. Rg2 {[%clk 0:28:02]} Ng6
{[%clk 0:17:12]} 17. Nxg6 {[%clk 0:27:14]} hxg6 {[%clk 0:17:39]} 18. Rag1
{[%clk 0:22:21]} Kf7 {[%clk 0:16:59]} 19. Be2 {[%clk 0:22:41]} Rh8
{[%clk 0:15:50]} 20. Nf3 {[%clk 0:22:57]} Bd7 {[%clk 0:09:40]} 21. Rxg6
{[%clk 0:19:38]} Qh7 {[%clk 0:08:24]} 22. R1g2 {[%clk 0:19:04]} Rag8
{[%clk 0:06:51]} 23. Ne5+ {[%clk 0:17:52]} Ke8 {[%clk 0:05:52]} 24. Qb3
{[%clk 0:15:52]} Bc8 {[%clk 0:04:27]} 25. Qa3 {[%clk 0:15:55]} Ne4
{[%clk 0:03:31]} 26. Qxa7 {[%clk 0:12:32]} Qh4 {[%clk 0:03:37]} 27. Qa8
{[%clk 0:10:37]} Qd8 {[%clk 0:02:43]} 28. Bd3 {[%clk 0:08:18]} Rh7
{[%clk 0:02:18]} 29. cxd5 {[%clk 0:06:55]} exd5 {[%clk 0:01:44]} 30. f3
{[%clk 0:05:43]} Rgh8 {[%clk 0:01:25]} 31. fxe4 {[%clk 0:04:40]} fxe4
{[%clk 0:01:54]} 32. Bf1 {[%clk 0:04:41]} Kf8 {[%clk 0:01:18]} 33. R6g5
{[%clk 0:03:37]} 1-0

[Event "2012 U.S. Women's Championship"]
[Site "Saint Louis, MO, USA"]
[Date "2012.05.09"]
[Round "2.1"]
[White "Baginskaite, Camilla"]
[Black "Zatonskih, Anna"]
[Result "0-1"]
[LiveChessVersion "1.3.1"]
[BlackElo "2510"]
[WhiteElo "2358"]

1. d4 {[%clk 1:30:53]} Nf6 {[%clk 1:29:50]} 2. c4 {[%clk 1:31:12]} e6
{[%clk 1:30:09]} 3. Nc3 {[%clk 1:31:16]} Bb4 {[%clk 1:29:09]} 4. e3
{[%clk 1:29:59]} c5 {[%clk 1:27:41]} 5. Bd3 {[%clk 1:29:33]} Nc6 {[%clk 1:24:15]}
6. Nf3 {[%clk 1:24:01]} Bxc3+ {[%clk 1:22:13]} 7. bxc3 {[%clk 1:24:22]} d6
{[%clk 1:22:36]} 8. O-O {[%clk 1:17:56]} e5 {[%clk 1:22:21]} 9. Nd2
{[%clk 1:17:14]} O-O {[%clk 1:04:40]} 10. Ne4 {[%clk 0:49:41]} Qe7
{[%clk 0:39:58]} 11. Nxf6+ {[%clk 0:30:04]} Qxf6 {[%clk 0:40:26]} 12. f4
{[%clk 0:29:16]} exd4 {[%clk 0:37:19]} 13. cxd4 {[%clk 0:29:26]} cxd4
{[%clk 0:37:47]} 14. Bb2 {[%clk 0:29:35]} Re8 {[%clk 0:35:40]} 15. exd4
{[%clk 0:26:38]} Bf5 {[%clk 0:33:25]} 16. Bxf5 {[%clk 0:08:32]} Qxf5
{[%clk 0:33:29]} 17. d5 {[%clk 0:08:42]} Nb4 {[%clk 0:32:00]} 18. Rf3
{[%clk 0:04:45]} f6 {[%clk 0:22:27]} 19. Qd2 {[%clk 0:04:07]} Na6
{[%clk 0:22:03]} 20. Re1 {[%clk 0:04:11]} Re4 {[%clk 0:16:32]} 21. Rxe4
{[%clk 0:02:24]} Qxe4 {[%clk 0:17:00]} 22. Re3 {[%clk 0:01:48]} Qxc4
{[%clk 0:15:20]} 23. Re7 {[%clk 0:02:16]} Rf8 {[%clk 0:10:51]} 24. Rxb7
{[%clk 0:02:28]} Nc5 {[%clk 0:10:57]} 25. Rxa7 {[%clk 0:01:47]} Nd3
{[%clk 0:10:35]} 26. Ra3 {[%clk 0:01:14]} Nxf4 {[%clk 0:10:42]} 27. g3
{[%clk 0:01:08]} Nh3+ {[%clk 0:10:10]} 28. Kg2 {[%clk 0:01:36]} Ng5
{[%clk 0:10:35]} 29. Re3 {[%clk 0:01:32]} Qxa2 {[%clk 0:10:14]} 30. Bc3
{[%clk 0:01:24]} Qa4 {[%clk 0:08:13]} 31. Qd4 {[%clk 0:00:52]} Qd7
{[%clk 0:07:51]} 32. g4 {[%clk 0:01:00]} Ra8 {[%clk 0:07:26]} 33. h4
{[%clk 0:01:13]} Ra4 {[%clk 0:04:02]} 34. Bb4 {[%clk 0:00:54]} Nf7
{[%clk 0:04:24]} 35. Kg3 {[%clk 0:00:46]} Ne5 {[%clk 0:04:25]} 36. Re4
{[%clk 0:00:49]} Ra8 {[%clk 0:03:11]} 37. Qb6 {[%clk 0:01:00]} Qa4
{[%clk 0:03:20]} 38. Bxd6 {[%clk 0:00:39]} Qxe4 {[%clk 0:03:32]} 0-1

[Event "2012 U.S. Women's Championship"]
[Site "Saint Louis, MO, USA"]
[Date "2012.05.09"]
[Round "2.2"]
[White "Abrahamyan, Tatev"]
[Black "Kats, Alena"]
[Result "1-0"]
[LiveChessVersion "1.3.1"]
[BlackElo "2137"]
[WhiteElo "2329"]

1. e4 {[%clk 1:30:57]} c5 {[%clk 1:30:56]} 2. Nf3 {[%clk 1:31:19]} d6
{[%clk 1:31:21]} 3. d4 {[%clk 1:31:46]} cxd4 {[%clk 1:31:48]} 4. Nxd4
{[%clk 1:32:12]} Nf6 {[%clk 1:32:13]} 5. Nc3 {[%clk 1:32:39]} a6 {[%clk 1:32:40]}
6. Be3 {[%clk 1:32:39]} e5 {[%clk 1:32:40]} 7. Nb3 {[%clk 1:32:55]} Be6
{[%clk 1:32:53]} 8. Qd2 {[%clk 1:32:50]} Nbd7 {[%clk 1:28:27]} 9. O-O-O
{[%clk 1:31:34]} b5 {[%clk 1:21:46]} 10. f4 {[%clk 1:16:17]} Qc8 {[%clk 0:54:34]}
11. f5 {[%clk 1:03:57]} Bxb3 {[%clk 0:43:17]} 12. axb3 {[%clk 1:04:06]} Rb8
{[%clk 0:40:30]} 13. Bd3 {[%clk 0:54:12]} Qc6 {[%clk 0:39:39]} 14. Kb1
{[%clk 0:50:21]} b4 {[%clk 0:35:58]} 15. Nd5 {[%clk 0:48:41]} Nxd5
{[%clk 0:33:48]} 16. exd5 {[%clk 0:48:25]} Qxd5 {[%clk 0:30:13]} 17. Qe2
{[%clk 0:45:25]} Qa5 {[%clk 0:21:12]} 18. Bc4 {[%clk 0:38:50]} Be7
{[%clk 0:18:17]} 19. g4 {[%clk 0:36:06]} Nb6 {[%clk 0:13:42]} 20. Bxb6
{[%clk 0:32:50]} Qxb6 {[%clk 0:13:47]} 21. g5 {[%clk 0:21:34]} Bd8
{[%clk 0:07:00]} 22. Qh5 {[%clk 0:14:00]} Rb7 {[%clk 0:03:00]} 23. g6
{[%clk 0:09:23]} f6 {[%clk 0:02:22]} 24. gxh7+ {[%clk 0:09:13]} Kf8
{[%clk 0:02:46]} 25. Rd2 {[%clk 0:07:56]} Re7 {[%clk 0:02:49]} 26. Rhd1
{[%clk 0:06:59]} Bc7 {[%clk 0:03:10]} 27. Be6 {[%clk 0:05:33]} a5
{[%clk 0:02:36]} 28. Rg2 {[%clk 0:05:05]} d5 {[%clk 0:01:29]} 29. Rxd5
{[%clk 0:04:19]} Rxe6 {[%clk 0:01:19]} 30. fxe6 {[%clk 0:04:24]} Qxe6
{[%clk 0:01:48]} 31. Rgd2 {[%clk 0:03:37]} a4 {[%clk 0:00:39]} 32. Rd8+
{[%clk 0:02:13]} Bxd8 {[%clk 0:01:07]} 33. Rxd8+ {[%clk 0:02:40]} Ke7
{[%clk 0:01:31]} 34. Rxh8 {[%clk 0:03:07]} Kd7 {[%clk 0:01:39]} 35. Qe8+
{[%clk 0:02:34]} 1-0

[Event "2012 U.S. Women's Championship"]
[Site "Saint Louis, MO, USA"]
[Date "2012.05.09"]
[Round "2.3"]
[White "Ni, Viktorija"]
[Black "Zenyuk, Iryna"]
[Result "0-1"]
[LiveChessVersion "1.3.1"]
[BlackElo "2224"]
[WhiteElo "2228"]

1. d4 {[%clk 1:30:58]} Nf6 {[%clk 1:30:55]} 2. c4 {[%clk 1:31:25]} c5
{[%clk 1:31:16]} 3. d5 {[%clk 1:31:46]} b5 {[%clk 1:31:38]} 4. cxb5
{[%clk 1:31:51]} a6 {[%clk 1:31:45]} 5. b6 {[%clk 1:32:16]} Qxb6 {[%clk 1:31:09]}
6. Nc3 {[%clk 1:32:00]} d6 {[%clk 1:31:21]} 7. e4 {[%clk 1:29:10]} g6
{[%clk 1:30:47]} 8. Nf3 {[%clk 1:28:52]} Bg4 {[%clk 1:28:29]} 9. Qa4+
{[%clk 1:28:25]} Bd7 {[%clk 1:25:45]} 10. Qc2 {[%clk 1:28:03]} Bg7
{[%clk 1:25:31]} 11. a4 {[%clk 1:25:30]} O-O {[%clk 1:16:59]} 12. a5
{[%clk 1:17:21]} Qc7 {[%clk 1:13:55]} 13. Nd2 {[%clk 1:16:10]} Ra7
{[%clk 1:07:10]} 14. Be2 {[%clk 1:11:29]} e6 {[%clk 0:46:16]} 15. O-O
{[%clk 1:08:49]} exd5 {[%clk 0:46:41]} 16. exd5 {[%clk 1:08:23]} Bf5
{[%clk 0:44:05]} 17. Qa4 {[%clk 1:06:49]} Rb7 {[%clk 0:40:30]} 18. Qf4
{[%clk 1:04:51]} Re8 {[%clk 0:38:15]} 19. Nc4 {[%clk 0:48:14]} Ne4
{[%clk 0:34:22]} 20. Bf3 {[%clk 0:42:21]} Nxc3 {[%clk 0:23:36]} 21. bxc3
{[%clk 0:42:08]} Rd8 {[%clk 0:14:39]} 22. Bd2 {[%clk 0:25:05]} Bd3
{[%clk 0:14:37]} 23. Rfe1 {[%clk 0:25:08]} Bxc4 {[%clk 0:14:49]} 24. Qxc4
{[%clk 0:25:29]} Rb5 {[%clk 0:12:21]} 25. Qh4 {[%clk 0:14:19]} Rxa5
{[%clk 0:11:34]} 26. Rxa5 {[%clk 0:12:35]} Qxa5 {[%clk 0:12:01]} 27. c4
{[%clk 0:12:59]} Qb6 {[%clk 0:10:35]} 28. Bg4 {[%clk 0:10:37]} f5
{[%clk 0:07:52]} 29. Bd1 {[%clk 0:07:43]} Nd7 {[%clk 0:07:47]} 30. Re7
{[%clk 0:05:14]} Nf6 {[%clk 0:06:35]} 31. Bc3 {[%clk 0:04:24]} Rf8
{[%clk 0:06:57]} 32. g4 {[%clk 0:00:59]} Qb1 {[%clk 0:06:26]} 33. Re1
{[%clk 0:01:04]} Qd3 {[%clk 0:06:04]} 34. Bb2 {[%clk 0:00:44]} Qd2
{[%clk 0:05:24]} 0-1